XXXTentacion - Statistiques

Statistiques générales
  • Ce quiz a été pris 195 fois
  • Le résultat moyen est 11 sur 44
Statistiques - réponses
Hint Réponse % Correct
Nom de sa troisième mixtape XXX
96%
Nom de scène XXXTentacion
88%
Âge lors de son décès 20 ans
66%
Date de décès 18 Juin 2018
63%
Musique la plus visionnée sur YouTube SAD!
63%
Nom de son premier album 17
60%
Nationalité Américain
58%
Nom complet Jahseh Dwayne Ricardo Onfroy
53%
Date de naissance 23 Janvier 1998
49%
Nom de son troisième album Skins
39%
Nom de son meilleur ami Ski Mask The Slump God
37%
Nom de son quatrième album Bad Vibes Forever
36%
Nom de son documentaire Look At Me
35%
Nom de son fils Gekyume Onfroy
33%
Nom de sa huitième mixtape Revenge
32%
Origine du décès Assassinat
30%
Nom de son second album ? (Question Mark)
28%
Nom de son onzième EP A GHETTO CHRISTMAS CAROL
19%
Nom de sa copine Jenesis Sanchez
19%
Nom de son second EP Ice Hotel
18%
Lieu de naissance Plantation (Floride)
15%
Lieu de décès Deerfield Beach (Floride)
13%
Nom de son huitième EP ItWasntEnough
13%
Nom de sa première mixtape collaborative Members Only Vol.1
13%
Nom de sa deuxième mixtape collaborative Members Only Vol.2
13%
Nom de sa troisième mixtape collaborative Members Only Vol.3
12%
Nom de sa quatrième mixtape collaborative Members Only Vol.4
12%
Nom de son troisième EP The Fall
11%
Nom de son quatrième EP Rare
8%
Nombres de vues 1,2 Milliard
6%
Nom de son septième EP KIDS
6%
Nom de son dixième EP UGLY
6%
Nom de son neuvième EP Willy Wonka Was a Child Murderer
6%
Nom de son cinquième EP Heartbreak Hotel
4%
Nom de sa septième mixtape I Need Jesus
4%
Nom de son sixième EP Red Light District
4%
Nom de sa quatrième mixtape THE NOBODYS
4%
Nom de sa cinquième mixtape itWillAllBeOverSoon
3%
Nom de sa deuxième mixtape XXX (UNMASTERED)
3%
Nom de son premier EP Mona Lisa EP
2%
Nom de sa sixième mixtape Bad Vibes Forever (OG)
1%
Nom de sa première mixtape CD Mistape
1%
Signification du nom de son fils Un état différent / Un autre univers de pensée
1%
Ascendances de sa famille Jamaïcain, éyptien, syrien, indien, allemand, italien
0%
Aucun quiz correspondant
Distribution des résultats
% des personnes avec chaque résultat
Percentile par nombre de réponses
Votre historique - résultats
Vous n’avez pas pris ce quiz